000 00521nam a2200181 4500
001 VA26004
003 ES-SlBCS
005 20210601154552.0
008 140520s1975 xxu||||| |||| 00| 0 spa d
041 _aspa
100 1 _aSantos Camacho, Modesto
_97907
245 1 0 _aÉtica y filosofía analítica. Estudio histórico-crítico
_cModesto Santos Camacho
260 _aPamplona :
_bEunsa
_c, 1975
300 _a822 p.;
_c21 cm
490 0 _aJurídica
_v64
650 _aÉtica-Filosofía Analítica
_9371442
942 _cBK
999 _c806581
_d806581